| 000 | 00488nam a2200181Ia 4500 | ||
|---|---|---|---|
| 001 | 942 | ||
| 005 | 20260306140555.0 | ||
| 008 | 260306t2006||||xx |||||||||||||| ||spa|| | ||
| 041 | _aESP | ||
| 082 |
_a174.4 _bH19C |
||
| 100 |
_aHamburger Fernández, Álvaro Andrés _eAUT |
||
| 245 | 0 |
_aLa cultura ética en la empresa: _blineamientos para diseñarla e implementarla |
|
| 260 | _c2006 | ||
| 300 |
_a327 páginas : _c23 cm. |
||
| 650 | _aGEN | ||
| 654 | _aCHU | ||
| 942 |
_cLIB _dJUS _fJUS _2ddc _n |
||
| 999 |
_c942 _d942 |
||